000 00413nam a22001697a 4500
003 OSt
005 20211019105703.0
008 211019b |||||||| |||| 00| 0 eng d
020 _a1853839752
040 _cHU
082 _a304.2096/KEE
100 _aJAMES KEELEY
_914157
245 _aUNDERSTANDING ENVIRONMENTAL POLICY PROCESSES
260 _aUSA
_bEARTHSCAN
_c2003
300 _a224P
942 _2ddc
_cBOOKS
_n0
999 _c13250
_d13250